| 000 | 00445nam a2200169Ia 4500 | ||
|---|---|---|---|
| 003 | GCL | ||
| 008 | 140319s9999 xx 000 0 eng d | ||
| 040 |
_aGCL / _cGCL |
||
| 082 | 0 | 4 |
_aCC _b932 _bB C |
| 100 | 1 | _aBAKIR, ABD ELMOHSEN | |
| 245 | 1 | 0 |
_aTHE CAIRO CALENDAR / _cBAKIR, ABD ELMOHSEN |
| 260 |
_a[S.N] : _bANTIQUITIES DEPARTMENT OF EGYPT ، _c1966 |
||
| 300 | _a142 | ||
| 650 | 0 | 4 | _aANCIENT EGYPT |
| 650 | 0 | 4 | _aEGYPTOLOGY |
| 942 |
_2ddc _cBK |
||
| 999 |
_c13356 _d13356 |
||